Third world employment

Tallennettuna:
Bibliografiset tiedot
Aineistotyyppi: Kirja
Kieli:Undetermined
Julkaistu: Baltimore Penguin Book 1973
Aiheet:
Tagit: Lisää tagi
Ei tageja, Lisää ensimmäinen tagi!
Thư viện lưu trữ: Trung tâm Học liệu Trường Đại học Cần Thơ
LEADER 00477nam a2200181Ia 4500
001 CTU_105670
008 210402s9999 xx 000 0 und d
082 |a 331.1 
082 |b T445 
245 0 |a Third world employment 
245 0 |c Richard Jolly ... [et al.] 
260 |a Baltimore 
260 |b Penguin Book 
260 |c 1973 
650 |a Unemployment 
650 |x Developing countries 
904 |i Nguyên 
980 |a Trung tâm Học liệu Trường Đại học Cần Thơ